|
|
|
|
| LEADER |
00000cam a2200000 a 4500 |
| 001 |
vtls008455183 |
| 003 |
SK-MaSNL |
| 005 |
20260302074920.0 |
| 008 |
230403s1961 ru b grn 000 0 rus |
| 015 |
|
|
|a SNBA1961
|
| 020 |
|
|
|q (viazané)
|
| 035 |
|
|
|a SAVUKc028712
|
| 035 |
|
|
|a urn:nbn:sk:snk-am3itq9
|
| 035 |
|
|
|a 6F2E034B-BA65-4C80-8E28-EFF09BE3BCD6
|
| 035 |
|
|
|a urn:nbn:sk:snk-am00fig8
|
| 040 |
|
|
|a SNK
|b slo
|c SNK
|e AACR2
|
| 041 |
0 |
|
|a rus
|
| 043 |
|
|
|a e-cs---
|
| 044 |
|
|
|a ru
|c RU
|
| 080 |
|
|
|a 325.8
|2 2011
|
| 080 |
|
|
|a 94(437)
|2 2011
|
| 080 |
|
|
|a 323.25/.26:329.18
|2 2011
|
| 080 |
|
|
|a 323.25/.26
|2 2011
|
| 080 |
|
|
|a (048.8)
|2 2011
|
| 100 |
1 |
|
|a Nedorezov, Aleksandr Ivanovič,
|d 1919-2002
|4 aut
|9 196752
|
| 245 |
1 |
0 |
|a Nacionaľno-osvoboditeľnoje dviženije v Čechoslovakii 1938-1945
|c A. I. Nedorezov
|
| 260 |
|
|
|a Moskva
|b Izdateľstvo sociaľno-ekonomičeskoj literatury
|c 1961
|
| 300 |
|
|
|a 369 strán, 2 nečíslované listy obrazových príloh
|b mapy
|c 21 cm
|
| 366 |
|
|
|e 3000 kusov
|
| 504 |
|
|
|a Obsahuje bibliografické odkazy a poznámky
|
| 648 |
|
7 |
|a 1938-1945
|2 SNKPH
|9 268164
|
| 650 |
0 |
7 |
|a národnooslobodzovacie hnutia
|2 SNKPH
|9 168058
|
| 650 |
0 |
7 |
|a antifašizmus
|2 SNKPH
|9 4752
|
| 650 |
0 |
7 |
|a hnutie odporu
|2 SNKPH
|9 83610
|
| 651 |
|
7 |
|a Československo
|x dejiny
|2 SNKPHgeo
|9 161432
|
| 655 |
|
7 |
|a monografie
|2 SNKPH
|9 70139
|
| 852 |
|
|
|a Slovenská národná knižnica
|
| 954 |
|
|
|a odborná, vedecká literatúra cudzojazyčná (svetová)
|2 lita
|
| 958 |
|
|
|a OND
|
| 958 |
|
|
|a NB
|
| 958 |
|
|
|a EUIPO
|
| 999 |
|
|
|c 1167064
|d 1168994
|
| 952 |
|
|
|a SNK
|b SNK
|y PREZ
|7 0
|p 17A0841598
|o snkSC 16626
|i snkV 684/62
|8 2
|0 0
|1 0
|4 0
|d 2020-08-21
|f 1
|l 0
|r 2025-07-18 00:00:00
|w 2026-02-24
|